Normal view
MARC view
- Goode, Royston Miles
Entry Personal Name
001 - CONTROL NUMBER
- control field: 15090
003 - CONTROL NUMBER IDENTIFIER
- control field: OSt
005 - DATE AND TIME OF LATEST TRANSACTION
- control field: 20260203163407.0
008 - FIXED-LENGTH DATA ELEMENTS
- fixed length control field: 260203|| aca||aabn | a|a d
040 ## - CATALOGING SOURCE
- Original cataloging agency: OSt
- Transcribing agency: OSt
100 ## - HEADING--PERSONAL NAME
- Personal name: Goode, Royston Miles
670 ## - SOURCE DATA FOUND
- Source citation: Work cat.: (OSt)5983: Goode, Royston Miles, author. aut, Goode and Gullifer on legal problems of credit and security /